Thú y bệnh học đại cương
Những kiến thức cơ bản và tư liệu học tập về các biến đổi bệnh lí trong tế bào và mô, mối quan hệ giữa hình thái và chức năng, giải thích những biểu hiện lâm sàng của bệnh thú y, đánh giá kết quả chẩn đoán mô bệnh học để có thể...
Đã lưu trong:
| 主要作者: | |
|---|---|
| 格式: | 圖書 |
| 語言: | Undetermined |
| 出版: |
Hà Nội
Nông nghiệp
2013
|
| 主題: | |
| 標簽: |
添加標簽
沒有標簽, 成為第一個標記此記錄!
|
| Thư viện lưu trữ: | Trung tâm Học liệu Trường Đại học Cần Thơ |
|---|
| LEADER | 01108nam a2200229Ia 4500 | ||
|---|---|---|---|
| 001 | CTU_209208 | ||
| 008 | 210402s9999 xx 000 0 und d | ||
| 020 | |c 30000 | ||
| 082 | |a 636.089 | ||
| 082 | |b Kh107 | ||
| 100 | |a Nguyễn, Văn Khanh | ||
| 245 | 0 | |a Thú y bệnh học đại cương | |
| 245 | 0 | |c Nguyễn Văn Khanh, Lê Nguyễn Phương Khanh | |
| 260 | |a Hà Nội | ||
| 260 | |b Nông nghiệp | ||
| 260 | |c 2013 | ||
| 520 | |a Những kiến thức cơ bản và tư liệu học tập về các biến đổi bệnh lí trong tế bào và mô, mối quan hệ giữa hình thái và chức năng, giải thích những biểu hiện lâm sàng của bệnh thú y, đánh giá kết quả chẩn đoán mô bệnh học để có thể ứng dụng vào phòng bệnh và chữa bệnh sau này | ||
| 526 | |a Bệnh học thú y | ||
| 526 | |b NN747 | ||
| 650 | |a Veterinary pathology,Bệnh thú y | ||
| 904 | |i Hải | ||
| 980 | |a Trung tâm Học liệu Trường Đại học Cần Thơ | ||